000 00657nam a2200217 i 4500
001 30612
003 ES-MaACL
005 20231113191617.0
007 t|
008 030127s1974 sp ||||1| spa d
100 1 _aBataille, Georges.
_926391
245 1 0 _aObras escogidas /
_cGeorges Bataille ; [traducción de Joaquín Jordá].
250 _a[1ª ed.].
260 _aBarcelona :
_bBarral,
_c1974.
300 _a531 p. ;
_c20 cm.
490 1 _aBreve biblioteca de respuesta
700 1 _aJordá, Joaquín.
_966895
830 0 _aBreve biblioteca de respuesta
_9183536
852 _aES-MaACL
_jE-6905
_bR.91216
999 _c30612
_d30612